[Event "Aeskulap op 13th"]
[Site "Goerlitz"]
[Date "1996.04.06"]
[Round "7"]
[White "Bielicki, Birke"]
[Black "Gottschling, Tilo"]
[Result "1/2-1/2"]
[WhiteElo "2012"]
[BlackElo "1763"]
[PlyCount "111"]
[EventDate "1996.04.03"]
[EventType "swiss"]
[EventRounds "7"]
[EventCountry "GER"]
[SourceTitle "EXT 2009"]
[Source "ChessBase"]
[SourceDate "2008.11.26"]
[SourceVersion "1"]
[SourceVersionDate "2008.11.26"]
[SourceQuality "1"]

1. d4 d5 2. Nf3 c6 3. c4 Nf6 4. Nc3 e6 5. Bg5 Be7 6. e3 Nbd7 7. Rc1 0-0 8. Qc2 h6 9. Bh4 dxc4 10. Bxc4 Nb6 11. Bb3 Nbd5 12. 0-0 Nxc3 13. bxc3 Nd7 14. Bg3 Nf6 15. e4 Nh5 16. Rcd1 Nxg3 17. hxg3 Qc7 18. e5 c5 19. Qd3 g6 20. Qe3 Kg7 21. Nd2 b6 22. Bc2 cxd4 23. Qxd4 Rd8 24. Qe3 Bb7 25. Kh2 Rac8 26. Nb1 Qc6 27. f3 Bg5 28. Qe2 Qc5 29. f4 Be7 30. Be4 Bxe4 31. Qxe4 Qc7 32. g4 Rxd1 33. Rxd1 Rd8 34. Rxd8 Bxd8 35. Kg3 g5 36. Kf3 gxf4 37. c4 Bg5 38. Nc3 Qc5 39. Qe2 Qc6+ 40. Qe4 Qc5 41. Qe2 a6 42. a4 Bd8 43. Qe4 Bc7 44. Ne2 Bxe5 45. Nxf4 Bxf4 46. Kxf4 b5 47. cxb5 axb5 48. axb5 Qxb5 49. Qd4+ e5+ 50. Qxe5+ Qxe5+ 51. Kxe5 Kg6 52. Kf4 Kf6 53. Ke4 Kg5 54. Kf3 Kg6 55. Kf4 Kf6 56. Ke4 1/2-1/2